[Event "AUTO-MASTER-561"]
[Site "http://www.queenalice.com/game.php?id=430377"]
[Date "2008.7.9"]
[Round "1"]
[White "blindchess"]
[Black "CCapivara"]
[Result "1-0"]
[WhiteElo "2024"]
[BlackElo "2055"]

1. d4 d5 2. Nf3 Nf6 3. Bf4 Bf5 4. e3 e6 5. Bd3 Bxd3 6. Qxd3 Bd6 7. Bg5 Nbd7 8.
Nc3 c6 9. e4 dxe4 10. Nxe4 Be7 11. Nxf6+ Bxf6 12. Bxf6 Nxf6 13. O-O O-O 14. Rfe1
Re8 15. Rad1 Qd5 16. c4 Qh5 17. Qa3 h6 18. Ne5 Ng4 19. h3 Nxe5 20. dxe5 Qh4 21.
Rd7 b6 22. Qf3 Rf8 23. Qxc6 Rac8 24. Qe4 Qxh3 25. gxh3 1-0

[Event "AUTO-MASTER-561"]
[Site "http://www.queenalice.com/game.php?id=430378"]
[Date "2008.7.9"]
[Round "1"]
[White "CCapivara"]
[Black "blindchess"]
[Result "0-1"]
[WhiteElo "2055"]
[BlackElo "2001"]

1. e4 c5 2. Nf3 Nc6 3. d4 cxd4 4. Nxd4 Nf6 5. Nc3 e5 6. Ndb5 d6 7. Bg5 a6 8. Na3
Be7 9. Bxf6 Bxf6 10. Nd5 Be6 11. c3 Bg5 12. Nc4 b5 13. Nce3 O-O 14. a4 b4 15.
Nxb4 Nxb4 16. cxb4 Bxe3 17. fxe3 Qh4+ 18. g3 Qxe4 0-1

[Event "AUTO-MASTER-561"]
[Site "http://www.queenalice.com/game.php?id=430379"]
[Date "2008.7.9"]
[Round "1"]
[White "blindchess"]
[Black "PauloSantoro"]
[Result "1-0"]
[WhiteElo "2048"]
[BlackElo "2009"]

1. d4 Nf6 2. Nf3 d5 3. Bf4 c5 4. e3 Nc6 5. c3 Qb6 6. Qc2 cxd4 7. exd4 Bf5 8. Qb3
Qxb3 9. axb3 e6 10. Be2 Be7 11. b4 Nh5 12. Be3 O-O 13. b5 Nb8 14. Nbd2 Nd7 15.
Ne5 Nhf6 16. g4 Be4 17. Nxe4 dxe4 18. g5 1-0

[Event "AUTO-MASTER-561"]
[Site "http://www.queenalice.com/game.php?id=430380"]
[Date "2008.7.9"]
[Round "1"]
[White "PauloSantoro"]
[Black "blindchess"]
[Result "0-1"]
[WhiteElo "1995"]
[BlackElo "2069"]

1. d4 c5 2. d5 d6 3. c4 e5 4. Nc3 f5 5. e4 Nf6 6. exf5 Bxf5 7. Nge2 Bg4 8. Qb3
Na6 9. Ng3 Be7 10. h3 Bd7 11. a3 Qb6 12. Qxb6 axb6 13. Be2 Nb4 14. O-O Nc2 15.
Rb1 Nd4 16. Be3 Nxe2+ 17. Ncxe2 b5 18. b3 Rxa3 19. Bg5 O-O 20. Bxf6 gxf6 21. f4
f5 22. fxe5 dxe5 23. Nc3 bxc4 24. bxc4 Rxc3 25. Rxb7 Rxg3 0-1

[Event "Challenge"]
[Site "http://www.queenalice.com/game.php?id=434225"]
[Date "2008.7.16"]
[Round "-"]
[White "SprDog"]
[Black "blindchess"]
[Result "0-1"]
[WhiteElo "1702"]
[BlackElo "2042"]

1. d4 c5 2. c4 cxd4 3. Qxd4 Nc6 4. Qd2 d6 5. e3 Nf6 6. Nf3 g6 7. b3 Bg7 8. Bb2
O-O 9. Nd4 Bd7 10. Nc3 Rc8 11. Ndb5 a6 12. Nd4 Qc7 13. Nxc6 Bxc6 14. Rc1 Rfd8
15. f3 Qb8 16. e4 Qa7 17. Nd5 Nxd5 18. exd5 Bxb2 19. Qxb2 Qe3+ 20. Be2 Bxd5 21.
Rc3 Qe5 22. O-O Be6 23. a4 Qd4+ 24. Kh1 Rc5 25. Rd1 Qh4 26. Rcd3 Rh5 27. h3 Bxh3
28. gxh3 Qxh3+ 29. Kg1 Qg3+ 30. Kf1 Rh1# 0-1

[Event "Challenge"]
[Site "http://www.queenalice.com/game.php?id=438525"]
[Date "2008.7.25"]
[Round "-"]
[White "blindchess"]
[Black "SprDog"]
[Result "1-0"]
[WhiteElo "2044"]
[BlackElo "1706"]

1. e4 e5 2. Nf3 Nc6 3. Bc4 Nf6 4. O-O Nxe4 5. Nc3 Nxc3 6. dxc3 e4 7. Ng5 Qe7 8.
Bxf7+ Kd8 9. Ne6+ Qxe6 10. Bxe6 d6 11. Bg5+ Be7 12. Bxe7+ Nxe7 13. Bxc8 Nxc8 14.
Qg4 g6 15. Qxe4 c6 16. Rfe1 d5 17. Rad1 Kc7 18. Qe5+ Kb6 19. Qxh8 1-0

[Event "Challenge"]
[Site "http://www.queenalice.com/game.php?id=451617"]
[Date "2008.8.21"]
[Round "-"]
[White "blindchess"]
[Black "SprDog"]
[Result "1-0"]
[WhiteElo "2046"]
[BlackElo "1688"]

1. Nf3 Nf6 2. g3 Nc6 3. Bg2 d6 4. d4 e5 5. d5 Ne7 6. c4 c6 7. Nc3 Qa5 8. O-O
cxd5 9. b4 Qb6 10. Nxd5 Nexd5 11. cxd5 Qxb4 12. Bd2 Qc4 13. Be3 Qxd5 14. Qc2 Be7
15. Rfc1 O-O 16. g4 Qe4 17. Qd2 Qxg4 18. Kh1 e4 19. Nd4 Nd5 20. Rg1 Nxe3 21.
fxe3 Qh4 22. Raf1 Bg5 23. Nf5 Bxf5 24. Rxf5 Rae8 25. Qxd6 Bxe3 26. Rgf1 Bb6 27.
Qd5 Qe7 28. Rh5 Be3 29. Qf5 g6 30. Qg4 Qe6 31. Qg3 Bd2 32. Rb5 b6 33. Qa3 a5 34.
Bh3 Qc6 35. Qa4 Bb4 36. Rxb4 Qxa4 37. Rxa4 f5 38. Rb1 Re6 39. Rc4 Rd8 40. Bf1 h5
41. Rc7 Kf8 42. Rb7 Rdd6 43. e3 g5 44. Bc4 Rf6 45. Rc1 Rc6 46. Rd1 Rcd6 47. Rxd6
Rxd6 48. Rf7+ Ke8 49. Rxf5 Rd1+ 50. Kg2 Rd2+ 51. Kg3 h4+ 52. Kh3 g4+ 53. Kxh4
Rxh2+ 54. Kxg4 Rc2 55. Re5+ Kd7 56. Rxe4 Kc6 57. a4 Kc5 58. Bb5 Rb2 59. Rc4+ Kd5
60. Kf3 Rb4 61. Rc6 Re4 62. Rxb6 Re6 63. Rxe6 1-0

[Event "Challenge"]
[Site "http://www.queenalice.com/game.php?id=461471"]
[Date "2008.9.11"]
[Round "-"]
[White "SprDog"]
[Black "blindchess"]
[Result "0-1"]
[WhiteElo "1734"]
[BlackElo "2062"]

1. e4 c5 2. Nf3 Nc6 3. d4 cxd4 4. Bc4 e6 5. Nxd4 d5 6. exd5 exd5 7. Bb5 Bd7 8.
O-O Be7 9. Nc3 Nf6 10. Bg5 O-O 11. Re1 a6 12. Bxc6 bxc6 13. Qd3 Re8 14. Re2 h6
15. Bh4 c5 16. Bxf6 Bxf6 17. Rxe8+ Qxe8 18. Nf3 Bxc3 19. Qxc3 Qe7 20. Re1 Qd6
21. Qe5 Qxe5 22. Nxe5 Bf5 23. c4 d4 24. Rd1 Re8 25. f4 f6 26. Nd3 Bxd3 27. Rxd3
Re2 28. Rb3 Rc2 29. Rb8+ Kh7 30. Kf1 Rxc4 31. f5 Rc2 32. b4 c4 0-1

[Event "Challenge"]
[Site "http://www.queenalice.com/game.php?id=465531"]
[Date "2008.9.19"]
[Round "-"]
[White "blindchess"]
[Black "SprDog"]
[Result "1-0"]
[WhiteElo "2065"]
[BlackElo "1762"]

1. g3 Nc6 2. Bg2 d5 3. f4 Nf6 4. Nf3 e6 5. O-O Bd6 6. e3 O-O 7. b3 Bd7 8. Bb2
Re8 9. Nc3 a6 10. Ne2 h6 11. h3 Be7 12. Nh2 b6 13. g4 a5 14. Ng3 a4 15. Qe2 a3
16. Bc3 Bd6 17. g5 hxg5 18. fxg5 Bxg3 19. gxf6 g6 20. Qg4 Bd6 21. Qh4 Ne5 22.
Ng4 Nxg4 23. hxg4 Bc6 24. g5 e5 25. Kf2 Bf8 26. Rh1 Bg7 27. Qh7+ 1-0

[Event "Challenge"]
[Site "http://www.queenalice.com/game.php?id=467522"]
[Date "2008.9.24"]
[Round "-"]
[White "SprDog"]
[Black "blindchess"]
[Result "0-1"]
[WhiteElo "1769"]
[BlackElo "2082"]

1. e4 c5 2. Nc3 Nc6 3. Nf3 Nf6 4. Bc4 e6 5. a3 d5 6. exd5 exd5 7. Bb5 Be7 8. O-O
d4 9. Bxc6+ bxc6 10. Ne2 O-O 11. d3 Bg4 12. Ne5 Bd6 13. Nxg4 Nxg4 14. h3 Qh4 15.
Nf4 Ne5 16. Qh5 Qxh5 17. Nxh5 c4 18. f4 Ng6 19. dxc4 Rab8 20. b3 Rfe8 21. f5 Ne5
22. Bf4 d3 23. b4 dxc2 24. c5 Bf8 25. Rf2 a5 26. Rxc2 axb4 27. a4 b3 28. Rc3 Rb4
29. Rb1 b2 30. Bd2 Rd8 31. Rc2 Rxa4 32. Rbxb2 Nc4 33. Bc3 Nxb2 34. Rxb2 Bxc5+
35. Kh2 f6 36. g4 Rd3 37. Be1 Bd6+ 38. Kg2 Raa3 39. h4 Rd4 40. g5 fxg5 41. hxg5
Rg4+ 42. Kf1 Rxg5 0-1

[Event "Challenge"]
[Site "http://www.queenalice.com/game.php?id=473838"]
[Date "2008.10.7"]
[Round "-"]
[White "SprDog"]
[Black "blindchess"]
[Result "0-1"]
[WhiteElo "1838"]
[BlackElo "2099"]

1. c4 c5 2. Nf3 Nc6 3. g3 d6 4. Bg2 Bd7 5. d3 Nf6 6. O-O g6 7. Bg5 Bg7 8. Qb3
O-O 9. Nc3 Rb8 10. h4 a6 11. Bxf6 Bxf6 12. Nd5 Bg7 13. Rab1 b5 14. cxb5 axb5 15.
Rfc1 Be6 16. Nh2 Nd4 17. Qd1 b4 18. e3 Nb5 19. Qa4 Nc7 20. Nf4 Bd7 21. Qd1 Ne6
22. Ne2 Qa5 23. Qb3 Rb6 24. Bf3 Bc6 25. Bxc6 Rxc6 26. d4 Ra6 27. Ra1 Qb5 28. Rc2
cxd4 29. exd4 Bxd4 30. Rd2 Bg7 31. a4 Qb6 32. Nc1 Nc5 33. Qc2 b3 34. Qc4 Rfa8
35. Qd5 Rxa4 36. Qxa8+ Rxa8 37. Rxa8+ Bf8 38. Ra3 Qb4 39. Nf1 Bh6 40. f4 Ne4 41.
Ra8+ Kg7 42. Nxb3 Nxd2 43. Nfxd2 e5 0-1

[Event "Challenge"]
[Site "http://www.queenalice.com/game.php?id=487517"]
[Date "2008.11.3"]
[Round "-"]
[White "blindchess"]
[Black "SprDog"]
[Result "0-1"]
[WhiteElo "2104"]
[BlackElo "1832"]

1. e4 e5 2. Nf3 Nf6 3. Bc4 Qe7 4. O-O Nxe4 5. Re1 Nxf2 6. Kxf2 Qc5+ 7. d4 Qxc4
8. Nxe5 Qe6 9. Nf3 Be7 10. Rxe6 fxe6 11. Nc3 O-O 12. Kg1 d5 13. Ne5 Bd6 14. Qh5
Nd7 15. Be3 Nxe5 16. dxe5 g6 17. Qg5 Rf5 18. Qh4 Bxe5 19. Bh6 Kf7 20. Qd8 g5 21.
g4 Bd4+ 22. Kh1 Rf2 23. Qf8+ Kg6 24. Qg7+ Bxg7 0-1

[Event "AUTO-MASTER-561"]
[Site "http://www.queenalice.com/game.php?id=494607"]
[Date "2008.11.17"]
[Round "2"]
[White "blindchess"]
[Black "daf88"]
[Result "0-1"]
[WhiteElo "2000"]
[BlackElo "2047"]

1. e4 e6 2. f4 d5 3. exd5 exd5 4. Nf3 Bd6 5. d4 Nf6 6. Be2 Ne4 7. O-O f5 8. Ne5
O-O 9. Nd2 c5 10. Nxe4 fxe4 11. c3 Nc6 12. Be3 cxd4 13. cxd4 Qb6 14. Qd2 Be6 15.
a3 Rac8 16. Rac1 Na5 17. Rc3 Nb3 18. Qd1 Rxc3 19. bxc3 Bxa3 20. Qc2 Na5 21. Rb1
Qc7 22. Qa4 Qxc3 23. Bf2 Bd6 24. g3 b6 25. Kg2 Qc7 26. Rb2 Bxe5 27. dxe5 Nc4 0-1

[Event "AUTO-MASTER-561"]
[Site "http://www.queenalice.com/game.php?id=494608"]
[Date "2008.11.17"]
[Round "2"]
[White "daf88"]
[Black "blindchess"]
[Result "1-0"]
[WhiteElo "2061"]
[BlackElo "1986"]

1. e4 c5 2. Nf3 Nc6 3. d4 cxd4 4. Nxd4 e5 5. Nxc6 bxc6 6. Nc3 Nf6 7. Bg5 Be7 8.
Bc4 O-O 9. O-O Qc7 10. Kh1 Bb7 11. f4 d6 12. fxe5 dxe5 13. Qf3 Rad8 14. Rad1 Rd4
15. Bb3 Ba6 16. Rfe1 Rfd8 17. Be3 Rxd1 18. Rxd1 h6 19. h3 Rd7 20. Rxd7 Qxd7 21.
a3 Bd8 22. Qf2 Ba5 23. Qf5 Qxf5 24. exf5 Bb6 25. Bxb6 axb6 26. g4 1-0

[Event "Challenge"]
[Site "http://www.queenalice.com/game.php?id=496858"]
[Date "2008.11.22"]
[Round "-"]
[White "SprDog"]
[Black "blindchess"]
[Result "1/2-1/2"]
[WhiteElo "1913"]
[BlackElo "2081"]

1. e4 c5 2. Nc3 Nc6 3. Nf3 d6 4. Bc4 Nf6 5. O-O g6 6. d3 Bg7 7. a3 O-O 8. Bd2 a6
9. h3 b5 10. Ba2 Bb7 11. Qc1 Qd7 12. Bh6 Rfc8 13. Nd5 Nxd5 14. Bxd5 Nd4 15. Nxd4
Bxd5 16. Bxg7 Kxg7 17. Nf5+ gxf5 18. Qg5+ Kh8 19. exd5 Rg8 20. Qh5 Rg7 21. Rae1
Rag8 22. g3 Rg5 23. Qf3 h5 24. Kh2 e5 25. dxe6 fxe6 26. Qe2 e5 27. f4 Rxg3 28.
Qxh5+ Qh7 29. Qxh7+ Kxh7 30. Re2 e4 31. dxe4 fxe4 32. Rff2 e3 33. Rg2 Rf3 34.
Rxg8 Kxg8 35. Kg2 Rxf4 36. Rxe3 Kg7 37. Kg3 Rd4 38. Re7+ Kf6 39. Ra7 Rd2 40.
Rxa6 Ke5 41. Rb6 Rxc2 42. Rxb5 Rc4 43. b4 Kd5 44. bxc5 dxc5 45. Ra5 Kd4 46. h4
Kc3 47. h5 Kb3 48. h6 Rc3+ 49. Kg4 Rc1 50. Kg5 Rg1+ 51. Kf6 Rh1 52. Kg7 Rg1+ 53.
Kf7 Rh1 54. Kg6 Rg1+ 55. Kf5 1/2-1/2

[Event "Challenge"]
[Site "http://www.queenalice.com/game.php?id=497889"]
[Date "2008.11.24"]
[Round "-"]
[White "TonyDaMadeira"]
[Black "blindchess"]
[Result "0-1"]
[WhiteElo "1277"]
[BlackElo "2079"]

1. e4 c5 2. Nf3 Nc6 3. Bc4 e6 4. O-O Nf6 5. Nc3 Be7 6. b3 O-O 7. Bb2 d5 8. exd5
exd5 9. Bd3 Bg4 10. Be2 a6 11. h3 Bh5 12. d4 Bxf3 13. Bxf3 Nxd4 14. Qd3 Nxf3+
15. Qxf3 d4 16. Ne4 Qc7 17. Rfe1 Rfe8 18. Nxf6+ Bxf6 19. Bc1 Rxe1# 0-1

[Event "AUTO-ADV-939"]
[Site "http://www.queenalice.com/game.php?id=504479"]
[Date "2008.12.7"]
[Round "2"]
[White "jeantomasia"]
[Black "blindchess"]
[Result "1-0"]
[WhiteElo "2128"]
[BlackElo "2074"]

1. e4 c5 2. Nf3 Nc6 3. d4 cxd4 4. Nxd4 e5 5. Nb5 d6 6. N1c3 a6 7. Na3 Nf6 8. Bg5
Be7 9. Bxf6 Bxf6 10. Nc4 Nd4 11. Nd5 b5 12. Nce3 O-O 13. c3 Nc6 14. Be2 Bg5 15.
O-O f5 16. exf5 Bxf5 17. Nxf5 Rxf5 18. Bd3 Rf7 19. Be4 Raa7 20. Qd3 g6 21. Rad1
Rad7 22. b4 Ne7 23. Nxe7+ Bxe7 24. Bd5 1-0

[Event "AUTO-ADV-939"]
[Site "http://www.queenalice.com/game.php?id=504480"]
[Date "2008.12.7"]
[Round "2"]
[White "blindchess"]
[Black "jeantomasia"]
[Result "0-1"]
[WhiteElo "2043"]
[BlackElo "2109"]

1. e4 c5 2. f4 d6 3. Nf3 Nc6 4. Bb5 Bd7 5. O-O Nf6 6. d3 g6 7. Nc3 Bg7 8. h3 O-O
9. Be3 a6 10. Ba4 b5 11. Bb3 e6 12. e5 dxe5 13. Bxc5 exf4 14. Bxf8 Qxf8 15. Qe2
Nh5 16. Rfe1 Bxc3 17. bxc3 Qc5+ 18. Kh2 Qxc3 19. Ng5 Re8 20. Ne4 Qe5 21. Nf2 Qc7
22. Kg1 Ng3 23. Qd2 Nd4 24. Ne4 Nxe4 25. Rxe4 e5 26. Rae1 Kg7 27. c3 f5 28. Rxd4
exd4 29. Rxe8 Bxe8 30. cxd4 g5 31. d5 Qe5 32. d4 Qe3+ 33. Qxe3 fxe3 34. Bc2 Bd7
35. Kf1 h5 36. Ke2 f4 37. Kf3 Kf6 38. a3 g4+ 39. hxg4 hxg4+ 0-1

[Event "AUTO-ADV-939"]
[Site "http://www.queenalice.com/game.php?id=504481"]
[Date "2008.12.7"]
[Round "2"]
[White "MarceloBecker"]
[Black "blindchess"]
[Result "1-0"]
[WhiteElo "2046"]
[BlackElo "2060"]

1. e4 c5 2. Nf3 Nc6 3. d4 cxd4 4. Nxd4 e5 5. Nb5 d6 6. Bg5 f6 7. Be3 a6 8. N5c3
Be6 9. Nd5 Bxd5 10. Qxd5 Nge7 11. Qe6 Qd7 12. Qxd7+ Kxd7 13. Nc3 Kc7 14. Bc4 Nb4
15. O-O-O b5 16. Be6 Rd8 17. a3 Nbc6 18. Rd3 Ng6 19. Nd5+ Kb7 20. Rhd1 Nce7 21.
Nb4 Nc6 22. Nxc6 Kxc6 23. Rc3+ Kb7 24. Bd5+ Kb8 25. Rc6 Ne7 26. Rxa6 Nxd5 27.
Rxd5 1-0

[Event "AUTO-ADV-939"]
[Site "http://www.queenalice.com/game.php?id=504482"]
[Date "2008.12.7"]
[Round "2"]
[White "blindchess"]
[Black "MarceloBecker"]
[Result "0-1"]
[WhiteElo "2030"]
[BlackElo "2120"]

1. d4 d5 2. Nf3 c6 3. Bf4 Nf6 4. c3 e6 5. e3 Be7 6. Bd3 O-O 7. O-O Nbd7 8. h3 c5
9. Nbd2 b6 10. Ne5 Nxe5 11. Bxe5 a5 12. f4 Ne8 13. f5 exf5 14. Bxf5 Bxf5 15.
Rxf5 Qd7 16. Qc2 f6 17. Bh2 g6 18. Rf3 f5 19. Raf1 c4 20. Bf4 Nd6 21. Kh1 b5 22.
Bxd6 Bxd6 23. R1f2 Qe6 24. Nf1 Qe4 25. Ng3 Qxc2 26. Rxc2 Rae8 27. Ne2 g5 28. Ng3
g4 29. hxg4 fxg4 30. Rxf8+ Rxf8 31. Ne2 Rf1+ 32. Ng1 h5 0-1